000 00624nam a2200193Ia 4500
008 090124s9999 xx 000 0 und d
082 _b23386
100 _aमित्र बिमल
245 _a मधली नदी साक्षीला
250 _a1
260 _bनिशान्त प्रकाशन
_c1985
300 _a123
600 _aमित्र बिमल
630 _a मधली नदी साक्षीला
700 _aमित्र बिमल
700 _aआपटे शरद
730 _a मधली नदी साक्षीला
942 _cBOOK
999 _c92246
_d92246